[Event "FEDA International IM 2020"]
[Site "La Palma"]
[Date "2020.12.06"]
[Round "7.1"]
[White "Quispe Arteaga, Gabriel"]
[Black "Vergara Anton, Diego"]
[Result "1-0"]
[WhiteElo "2397"]
[BlackElo "2177"]
[Annotator "TA"]
[PlyCount "113"]
[EventDate "2020.11.29"]
[EventCountry "ESP"]
[SourceTitle "playchess.com"]
[Source "ChessBase"]
[SourceQuality "1"]

{[%evp 13,113,3,9,17,20,23,35,35,45,45,41,37,54,50,52,40,37,38,41,31,54,64,102,95,100,62,83,83,95,90,75,68,110,56,119,68,131,114,126,126,133,129,122,123,125,105,103,105,104,106,106,106,106,104,106,102,119,106,160,139,147,147,425,397,494,489,656,484,618,487,487,484,470,466,614,608,592,575,928,928,901,648,928,914,921,921,921,906,914,906,897,883,883,870,863,827,764,719,5189,5576,2531,2341]} 1. Nf3 d5 2. e3 Nf6 3. b3 e6 4. c4 Be7 5. Nc3 O-O 6. Bb2 c5 7. cxd5 exd5 {7...Nxd5 is the modern continuation.} 8. d4 {A13: English Opening: 1...e6.} Nc6 9. Be2 a6 10. Rc1 {White is slightly better.} cxd4 11. Nxd4 Ne5 12. O-O Re8 13. Nf3 Nc6 {[#]} 14. h3 $146 ({Predecessor:} 14. Nd4) 14... Be6 15. Nd4 Rc8 16. Na4 Nxd4 17. Qxd4 b5 18. Nc5 Qd6 {[%cal Rc8c5]} 19. Nd3 Rxc1 20. Rxc1 ({Much worse is} 20. Bxc1 Ne4 $11) 20... Rc8 21. Rxc8+ Bxc8 22. Nf4 Be6 23. Bf3 (23. Qa7 $16) 23... h6 (23... Qc6 $14) 24. g4 (24. Qa7 $16) 24... Bd8 (24... Qc6 $14) 25. Qd3 Be7 26. Bxf6 Bxf6 27. Bxd5 Bxd5 28. Qxd5 Qa3 29. Qa8+ Kh7 30. Qe4+ g6 31. Nd5 Kg7 32. Qc2 Qd6 33. Qd2 Kh7 34. Kg2 Bg7 35. Qd3 Qa3 (35... Bf6 $142 36. f4 Kg7) 36. Qc2 Qd6 37. Qe4 Bf6 $2 {[%mdl 8192] [#] This costs Black the game.} (37... Be5 $16 {was necessary.} 38. h4 Kg7) 38. Qf3 $1 $18 Bg7 39. Qxf7 {White is clearly winning.} Qc6 40. e4 a5 41. Qg8+ {[%mdl 64] Decoy} Kxg8 42. Ne7+ {[%mdl 64] Double Attack} Kf7 43. Nxc6 {[%mdl 4096] Endgame KB-KN} a4 44. Na7 axb3 45. axb3 b4 46. Nc6 Bc3 47. Na5 g5 48. Nc4 Ke6 {[#]} 49. f4 $1 gxf4 50. Kf3 Bf6 51. Kxf4 Bg5+ 52. Kf3 Bf6 53. Ke2 Bd4 54. Kd3 Bc3 55. Ne3 Bg7 56. Nf5 Bf8 57. Kd4 {Weighted Error Value: White=0.22/Black=0.39} 1-0

[Event "FEDA International IM 2020"]
[Site "La Palma"]
[Date "2020.12.06"]
[Round "7.2"]
[White "Habans Aguerrea, Javier"]
[Black "Macias Pino, Diego"]
[Result "1/2-1/2"]
[WhiteElo "2269"]
[BlackElo "2153"]
[Annotator "RC"]
[PlyCount "63"]
[EventDate "2020.11.29"]
[EventCountry "ESP"]
[SourceTitle "playchess.com"]
[Source "ChessBase"]
[SourceQuality "1"]

1. e4 c6 2. Nf3 d5 3. Nc3 Bg4 4. h3 Bxf3 5. Qxf3 e6 6. Qg3 Qd6 7. f4 dxe4 8. Nxe4 Qc7 9. d4 Nd7 10. Bd3 Ngf6 11. Nxf6+ Nxf6 12. O-O g6 13. Qh4 Be7 14. b3 O-O-O 15. Bb2 Nd5 16. Qf2 Bd6 17. c4 Nxf4 18. Bc2 Nh5 19. g4 Nf4 20. Qf3 g5 21. d5 Bc5+ 22. Kh1 h5 23. Bxh8 Rxh8 24. Qc3 Qd8 25. dxe6 Bd4 26. e7 Qd7 27. Qg3 Qxe7 28. Bf5+ Kc7 29. Rae1 Qd6 30. b4 Kb8 31. c5 Qd5+ 32. Qf3 1/2-1/2

[Event "FEDA International IM 2020"]
[Site "La Palma"]
[Date "2020.12.06"]
[Round "7.3"]
[White "Alonso Garcia, Aaron"]
[Black "Sosa, Tomas"]
[Result "0-1"]
[WhiteElo "2258"]
[BlackElo "2529"]
[Annotator "RC"]
[PlyCount "78"]
[EventDate "2020.11.29"]
[EventCountry "ESP"]
[SourceTitle "playchess.com"]
[Source "ChessBase"]
[SourceQuality "1"]

1. e4 e5 2. Nf3 Nc6 3. Bc4 Nf6 4. d3 Bc5 5. c3 d6 6. Bb3 a6 7. Nbd2 Ba7 8. Nf1 d5 9. exd5 Nxd5 10. Ng3 O-O 11. O-O Kh8 12. Re1 f6 13. a4 Nde7 14. a5 Nf5 15. Ra4 Nxg3 16. hxg3 Bf5 17. Bc2 g5 18. Be3 Bxe3 19. Rxe3 Qd5 20. Nd2 g4 21. Ne4 Rad8 22. Bb3 Qd7 23. Qc1 Qe7 24. Bc4 Bc8 25. b4 f5 26. Nc5 Qg5 27. Re1 Qh5 28. b5 axb5 29. Bxb5 Rd6 30. Bxc6 Rxc6 31. Qe3 Re8 32. d4 Rh6 33. Kf1 b6 34. axb6 cxb6 35. Nd3 Bd7 36. Rb4 f4 37. gxf4 exf4 38. Qxe8+ Bxe8 39. Nxf4 Bb5+ 0-1

[Event "FEDA International IM 2020"]
[Site "La Palma"]
[Date "2020.12.06"]
[Round "7.4"]
[White "Hernandez, Cristian Andres"]
[Black "Adla, Diego"]
[Result "1/2-1/2"]
[WhiteElo "2322"]
[BlackElo "2433"]
[Annotator "TA"]
[PlyCount "66"]
[EventDate "2020.11.29"]
[EventCountry "ESP"]
[SourceTitle "playchess.com"]
[Source "ChessBase"]
[SourceQuality "1"]

{[%evp 26,66,31,6,21,0,0,0,0,0,0,-32,-30,-31,-10,-197,-210,-190,0,0,0,4,25,29,25,31,25,32,31,0,26,0,24,0,0,0,0,0,0,0,0,0,0]} 1. d4 Nf6 2. Nf3 e6 3. c4 c5 4. Nc3 d5 5. cxd5 Nxd5 6. e4 Nxc3 7. bxc3 cxd4 8. cxd4 Bb4+ 9. Bd2 Bxd2+ 10. Qxd2 O-O 11. Bc4 Nd7 12. O-O b6 13. Rfe1 Bb7 14. Rad1 Rc8 {D41: Queen's Gambit Declined: Semi-Tarrasch with 5 cxd5.} 15. Bb3 Re8 16. Re3 Nf6 {[#]} 17. Rde1 $146 ({Predecessor:} 17. d5 exd5 18. e5 Ne4 19. Qe1 Qc7 20. Nd4 a6 21. h4 Rcd8 22. f3 Nc5 23. h5 {1-0 (34) Carlsen,M (2863)-Giri,A (2764) chess24.com INT 2020}) 17... Qc7 18. Ne5 b5 19. f4 a5 {[%cal Ba7a5,Ba5a4][%mdl 32]} 20. a3 $2 {[#]} (20. f5 $11) 20... a4 $19 21. Bd1 Qc1 $2 (21... Nxe4 $19 22. Rxe4 Bxe4 23. Rxe4 Qc1) 22. Qb4 $11 Bxe4 $1 {Threatens to win with ...Nd5.} 23. Bf3 {[#]} Bxf3 $1 {[%mdl 512]} 24. Rxc1 (24. Rxf3 Nd5) 24... Rxc1+ 25. Re1 Rxe1+ $1 26. Qxe1 Bd5 27. Qa5 h5 28. Qa7 (28. Qc7 $5 {[%cal Rc7f7]} Rf8 29. Qc5 $14) 28... Rf8 29. g3 b4 {The position is equal.} 30. axb4 Ra8 31. Qxf7+ Kh7 {next ...a3 is good for Black.} 32. Qg6+ Kg8 {White must now prevent ...Ra7.} 33. Qf7+ Kh7 {Accuracy: White = 64%, Black = 89%.} 1/2-1/2

[Event "FEDA International IM 2020"]
[Site "La Palma"]
[Date "2020.12.06"]
[Round "7.5"]
[White "Abergel, Thal"]
[Black "Garrido Outon, Alex"]
[Result "0-1"]
[WhiteElo "2444"]
[BlackElo "2359"]
[Annotator "TA"]
[PlyCount "50"]
[EventDate "2020.11.29"]
[EventCountry "ESP"]
[SourceTitle "playchess.com"]
[Source "ChessBase"]
[SourceQuality "1"]

{[%evp 9,50,0,0,0,8,0,10,7,0,0,8,8,8,0,22,0,19,20,21,13,96,-11,0,-33,-22,-75,-67,-94,-35,-131,-135,-171,-97,-103,0,0,0,-1224,-1214,-1305,-1268,-2097,-1396]} 1. e4 c5 2. Nc3 Nc6 3. Bb5 Nd4 4. Bc4 e6 5. Nf3 a6 6. Nxd4 {B30: Sicilian: 2...Nc6 3 Bb5, lines without ...g6.} cxd4 7. Ne2 Bc5 8. d3 {The position is equal.} Ne7 (8... b5 $5 9. Bb3 $8 Bb7 $11) 9. O-O O-O 10. Ng3 d5 11. Bb3 {[#]} Bd6 $146 ({Predecessor:} 11... Qc7 12. Qh5 Rd8 13. f4 dxe4 14. Nxe4 Nd5 15. Rf3 g6 16. Qh4 Be7 17. Ng5 h5 {1-0 (26) Hamperl,F (2130)-Thurlow,K (2025) Guernsey 2012}) 12. f4 dxe4 13. dxe4 Qc7 14. Kh1 Ng6 (14... Nc6 $11) 15. e5 (15. f5 $1 $16) 15... Bc5 $11 16. Qh5 b5 17. Ne4 (17. f5 $1 $11 {remains equal.} exf5 18. Nxf5) 17... Be7 $17 18. Bd2 Bb7 (18... a5 $1 $17 {Hoping for ...Bb7.} 19. a4 Bd7) 19. Rae1 ({White should try} 19. Nd6 $15) 19... a5 $36 {[%mdl 2048] aiming for ...a4. Black is on the roll.} 20. f5 {[#] Rf3 is the strong threat.} exf5 ({Better is} 20... a4 $1 $19 {[%cal Ra4b3]} 21. fxg6 hxg6) 21. Qxf5 {[%cal Rb3f7] [#]} ({Not} 21. Rxf5 $2 a4 $19) 21... Bh4 (21... Kh8 $1 $17 {White must now prevent ...a4.} 22. a4 (22. Bxf7 $2 Rxf7 23. Qxf7 Bxe4 $19) 22... bxa4 23. Bxa4 Qxe5) 22. Nd6 $1 $11 {Threatens to win with Qh5.} Bxe1 23. Nxf7 $2 {[%mdl 8192] [#]} (23. Bxe1 $11 a4 24. Bxf7+ {[%mdl 64] Double Attack} Kh8 25. Bg3) 23... Bxg2+ $1 $19 {[%mdl 64] Double Attack. Black is clearly winning.} 24. Kg1 (24. Kxg2 Nh4+) 24... Bxf1 25. e6 Bc4 {Weighted Error Value: White=0.66/Black=0.23} 0-1

[Event "FEDA International IM 2020"]
[Site "La Palma"]
[Date "2020.12.07"]
[Round "8.1"]
[White "Vergara Anton, Diego"]
[Black "Garrido Outon, Alex"]
[Result "1-0"]
[WhiteElo "2177"]
[BlackElo "2359"]
[Annotator "TA"]
[PlyCount "77"]
[EventDate "2020.11.29"]
[EventCountry "ESP"]
[SourceTitle "playchess.com"]
[Source "ChessBase"]
[SourceQuality "1"]

{[%evp 9,77,15,16,22,0,6,24,7,0,0,0,0,14,16,24,27,24,11,11,8,8,8,17,13,15,5,9,-20,-18,-12,-10,-34,0,0,0,0,0,0,0,0,11,14,12,0,0,0,0,0,0,0,0,0,0,0,0,0,0,0,147,152,143,152,295,298,357,350,367,268,5269,5269]} 1. d4 Nf6 2. Nf3 d5 3. g3 c5 4. Bg2 cxd4 5. O-O h6 6. b3 {D02: 1 d4 d5 2 Nf3 sidelines, including 2...Nf6 3 g3 and 2...Nf6 3 Bf4.} e6 7. Bb2 Bc5 8. Bxd4 {White has an edge.} Bxd4 9. Qxd4 Nc6 10. Qb2 b5 {[#]} 11. Nd4 $146 ({Predecessor:} 11. a4 b4 12. c4 bxc3 13. Nxc3 Rb8 14. Rfe1 O-O 15. e4 d4 16. e5 dxc3 17. Qxc3 {½-½ (67) Pisani,C (2170)-Mary,P (2339) ICCF email 2016}) 11... Qb6 12. Nxc6 Qxc6 13. Nd2 O-O 14. c4 bxc4 15. bxc4 Ba6 16. cxd5 Nxd5 17. Rac1 Qa4 18. Ne4 Rab8 19. Qd2 Qa3 20. Rc2 Rfd8 21. Qc1 $1 {[%cal Rc1a3]} Qa5 22. Nc5 Nb4 23. Nxa6 Qxa6 24. Rc7 {Black should prevent Qf4.} Nxa2 25. Qf4 Rf8 26. Rxf7 $40 {[%mdl 128] Be4 is the strong threat. White mounts an attack.} Nc3 27. Qc7 Rxf7 28. Qxb8+ Rf8 29. Qe5 Nxe2+ 30. Kh1 {Threatens to win with Re1.} Qc4 31. Qe3 a5 32. Rd1 Nc3 33. Rd7 Ne4 (33... Qb5 $11 {remains equal.} 34. Rb7 (34. Qxe6+ Kh7 $15) 34... Qe2 35. Qxe2 Nxe2) 34. Rd4 $16 {[%mdl 64] Double Attack} Nxf2+ {[#]} 35. Qxf2 $1 {[%mdl 512]} Qb5 (35... Rxf2 $16 {was worth a try.} 36. Rxc4 Kf7) 36. Qe1 $18 Kh8 37. h3 a4 {[#]} 38. Qb4 $1 Qf5 $2 (38... Qxb4 39. Rxb4 Kg8 40. Rxa4 Kf7 41. Rf4+ Ke7 42. Rxf8 Kxf8) 39. Rf4 {Weighted Error Value: White=0.07/Black=0.22} 1-0

[Event "FEDA International IM 2020"]
[Site "La Palma"]
[Date "2020.12.07"]
[Round "8.2"]
[White "Adla, Diego"]
[Black "Abergel, Thal"]
[Result "1-0"]
[WhiteElo "2433"]
[BlackElo "2444"]
[Annotator "RC"]
[PlyCount "67"]
[EventDate "2020.11.29"]
[EventCountry "ESP"]
[SourceTitle "playchess.com"]
[Source "ChessBase"]
[SourceQuality "1"]

1. d4 Nf6 2. c4 g6 3. Nf3 Bg7 4. g3 O-O 5. Bg2 c5 6. O-O cxd4 7. Nxd4 Nc6 8. Nc3 Nh5 9. e3 f5 10. b3 Ne5 11. Bb2 Rb8 12. Qe2 b6 13. Rad1 Qe8 14. Rd2 Bb7 15. Bxb7 Rxb7 16. Nf3 a6 17. Nxe5 Bxe5 18. Qf3 Bxc3 19. Bxc3 Qc8 20. Qd5+ Rf7 21. Rfd1 d6 22. e4 fxe4 23. Qxe4 Rb8 24. Re2 Qb7 25. Qd4 Nf6 26. Rde1 Rbf8 27. Re6 b5 28. h4 bxc4 29. bxc4 Rc8 30. h5 gxh5 31. Qf4 Ng4 32. Qd4 Nf6 33. Qf4 Ng4 34. Qd4 1-0

[Event "FEDA International IM 2020"]
[Site "La Palma"]
[Date "2020.12.07"]
[Round "8.3"]
[White "Sosa, Tomas"]
[Black "Hernandez, Cristian Andres"]
[Result "1-0"]
[WhiteElo "2529"]
[BlackElo "2322"]
[Annotator "TA"]
[PlyCount "75"]
[EventDate "2020.11.29"]
[EventCountry "ESP"]
[SourceTitle "playchess.com"]
[Source "ChessBase"]
[SourceQuality "1"]

{[%evp 12,75,33,7,25,36,20,17,23,9,9,3,22,10,31,35,41,40,37,41,39,20,60,-28,-41,-34,-30,-29,22,0,19,0,26,-79,-66,-66,-43,-79,-80,-61,0,0,0,11,15,9,89,98,223,215,218,217,201,195,207,206,310,301,580,568,575,575,847,843,804,806]} 1. Nf3 c5 2. c4 Nc6 3. Nc3 Nf6 4. g3 d5 5. cxd5 Nxd5 6. Bg2 Nc7 7. a3 e6 {A34: Symmetrical English: 2 Nc3, lines with ...d5.} 8. O-O Be7 9. e3 Qd3 {[#] The position is equal.} 10. b4 $146 ({Predecessor:} 10. Qe2 Qxe2 11. Nxe2 Rb8 12. d4 b6 13. Bd2 Ba6 14. Rfe1 O-O 15. Rac1 {½-½ (15) Bruzon Batista,L (2677)-Timofeev,A (2658) Skanderborg 2005}) 10... cxb4 11. axb4 Bxb4 12. Qa4 Qa6 13. Nd4 {[%cal Rg2c6]} Qxa4 14. Rxa4 Nxd4 15. Rxb4 {[%mdl 64] [#] Double Attack} Nc6 16. Nb5 Kd7 17. Rb3 (17. Nxc7 $14 Kxc7 18. Rg4) 17... Nxb5 $11 18. Rxb5 b6 $1 19. Rd1 Kc7 (19... Rd8 $142) 20. d4 Rd8 21. Bb2 {aiming for Rc1.} g6 22. e4 (22. Rc1 $11 Bb7 23. e4) 22... Ba6 $17 23. Rb3 Bc4 24. Rc3 b5 25. d5 Rac8 ({Black should try} 25... a5 $15) 26. Rdc1 $36 {[%mdl 2048] White is pushing.} exd5 27. exd5 Ne7 28. Ra3 Kb7 (28... Rd7 $11) 29. Rca1 $16 Ra8 {This move loses the game for Black.} (29... Nxd5 $16 30. Rxa7+ Kc6) 30. Bf6 $18 Nxd5 31. Bxd8 Rxd8 32. Rxa7+ Kb6 33. Rxf7 Nc3 (33... h6 {was necessary.} 34. Rc1 Bd3) 34. Rxh7 b4 $2 (34... Ne2+ 35. Kh1 Nc3 36. Rb7+ Kc5 37. Rc7+ Kd4) 35. Rb7+ {White is clearly winning.} Kc5 36. Ra5+ Nb5 {[#] Hoping for ...Rd1+.} 37. Bf1 Rd1 38. Rbxb5+ {Weighted Error Value: White=0.16/Black=0.35} 1-0

[Event "FEDA International IM 2020"]
[Site "La Palma"]
[Date "2020.12.07"]
[Round "8.4"]
[White "Macias Pino, Diego"]
[Black "Alonso Garcia, Aaron"]
[Result "0-1"]
[WhiteElo "2153"]
[BlackElo "2258"]
[Annotator "RC"]
[PlyCount "100"]
[EventDate "2020.11.29"]
[EventCountry "ESP"]
[SourceTitle "playchess.com"]
[Source "ChessBase"]
[SourceQuality "1"]

1. e4 c5 2. Nc3 e6 3. Nf3 Nc6 4. d4 cxd4 5. Nxd4 Qc7 6. g3 a6 7. Bg2 h5 8. h3 Nge7 9. Bf4 e5 10. Nxc6 bxc6 11. Be3 Rb8 12. Rb1 h4 13. g4 Ng6 14. O-O a5 15. Qd2 Be7 16. Rfd1 O-O 17. Na4 d6 18. c4 Be6 19. b3 Rfd8 20. Qc2 Nf4 21. Bxf4 exf4 22. Nb2 Qa7 23. Nd3 g5 24. Nb2 Bf6 25. Rd2 Bd4 26. Rbd1 c5 27. Na4 Bd7 28. Nc3 a4 29. Nd5 Be6 30. b4 Bxd5 31. exd5 Rxb4 32. Re2 Be5 33. Qf5 Qe7 34. Be4 Qf6 35. Qh7+ Kf8 36. Rc1 f3 37. Re3 Qf4 38. Bxf3 Rb2 39. Kf1 Bd4 40. Rce1 Qh2 41. Bg2 Rxf2+ 42. Kxf2 Qg3+ 43. Kf1 Bxe3 44. Qh6+ Kg8 45. Qf6 Rb8 46. Qf3 Bd4 47. Qf5 Kf8 48. Qf3 Qh2 49. Qe4 Kg7 50. Qf3 Qg1+ 0-1

[Event "FEDA International IM 2020"]
[Site "La Palma"]
[Date "2020.12.07"]
[Round "8.5"]
[White "Quispe Arteaga, Gabriel"]
[Black "Habans Aguerrea, Javier"]
[Result "1-0"]
[WhiteElo "2397"]
[BlackElo "2269"]
[Annotator "RC"]
[PlyCount "45"]
[EventDate "2020.11.29"]
[EventCountry "ESP"]
[SourceTitle "playchess.com"]
[Source "ChessBase"]
[SourceQuality "1"]

1. Nf3 d5 2. g3 Nf6 3. Bg2 Bf5 4. Nh4 Bg4 5. h3 Bh5 6. g4 Bg6 7. Nxg6 hxg6 8. d4 e6 9. c4 c6 10. Nd2 Bd6 11. Qb3 Qb6 12. Qd3 dxc4 13. Nxc4 Bb4+ 14. Kf1 Qa6 15. Bf4 O-O 16. h4 Nbd7 17. h5 Rad8 18. Qb3 Nd5 19. Bg5 Be7 20. Bxe7 Nxe7 21. hxg6 Nxg6 22. Be4 c5 23. Bxb7 1-0

[Event "FEDA International IM 2020"]
[Site "La Palma"]
[Date "2020.12.08"]
[Round "9.1"]
[White "Habans Aguerrea, Javier"]
[Black "Vergara Anton, Diego"]
[Result "1-0"]
[WhiteElo "2269"]
[BlackElo "2177"]
[Annotator "TA"]
[PlyCount "107"]
[EventDate "2020.11.29"]
[EventCountry "ESP"]
[SourceTitle "playchess.com"]
[Source "ChessBase"]
[SourceQuality "1"]

{[%evp 17,107,30,37,22,36,14,47,36,62,73,72,70,63,58,47,45,41,32,45,34,34,9,4,0,33,24,29,30,28,22,35,0,13,0,0,0,0,0,26,26,127,132,136,134,131,131,149,154,326,310,282,72,72,57,64,55,59,59,68,63,290,300,417,427,345,140,167,145,276,276,265,262,681,548,1058,1057,1703,1057,2291,2083,1728,1102,1102,1094,1080,1064,1039,-6287,1009,983,954,934]} 1. d4 d5 2. c4 c6 3. cxd5 cxd5 4. Bf4 Nc6 5. e3 Nf6 6. Nc3 e6 7. Bd3 Bd6 8. Bxd6 Qxd6 9. f4 Bd7 10. Nf3 {D10: Slav Defence: 3 cxd5 (without early Nf3) and 3 Nc3.} O-O 11. O-O a6 12. Ne5 {[#] White is slightly better.} Ne8 $146 ({Predecessor:} 12... Ne7 13. Rf3 Rfc8 14. Rh3 Ng6 15. g4 Be8 16. g5 Nd7 17. Nxd7 Bxd7 18. Qh5 Kf8 19. Qxh7 e5 20. fxe5 Qe6 21. Rg3 Ke7 22. Qxg7 Rh8 23. Bxg6 Qxg6 24. Nxd5+ {1-0 (24) Moreno Ruiz,J (2460)-Blanco Acevedo,C (2345) Linares 2017}) 13. Na4 Nxe5 14. fxe5 Qe7 15. Nb6 Rd8 16. Rf3 f5 17. Qb3 Bc6 18. Rc1 Nc7 19. Qc3 Na8 20. Qb3 Nc7 21. Rc5 Nb5 22. a4 Na7 23. Qc3 Qc7 24. a5 Qe7 25. b4 Rf7 26. Qb3 Qe8 27. Rf2 Nb5 28. Qc2 Na3 (28... Na7 $11) 29. Qc3 $16 Nb5 30. Bxb5 Bxb5 {[#]} 31. Nc8 $1 Bc4 32. Nd6 Rxd6 $2 (32... Qa4 $16 33. Nxc4 dxc4 34. Qxc4 (34. Rxc4 g5 $16) 34... Re8) 33. exd6 $18 Qd8 34. b5 $2 (34. e4 $18 {and White stays clearly on top.}) 34... axb5 $16 35. Qb4 Rd7 36. a6 {[%mdl 64] Deflection} bxa6 37. Rc6 h6 38. Rxa6 Qg5 $2 ({Better is} 38... Kh7 $14) 39. Rf3 $18 Qh4 40. h3 Qd8 41. Kh2 (41. Qc5 $18 Kh7 42. Rc6) 41... Kh7 $16 42. Rc6 Be2 (42... h5 $16 43. Qc5 h4) 43. Rf2 $18 Bd3 44. Qc5 {aiming for Rc8.} Qh4 $2 (44... Be4 45. Re2 (45. Qxb5 Rxd6 46. Rb2 Rxc6 $16) 45... Bd3) 45. Rf3 {Hoping for Rc7.} Qd8 46. Rc8 Qf6 47. Rc7 Rd8 48. Rg3 Rg8 49. Qa7 f4 {[#]} 50. Rgxg7+ $1 {[%mdl 512]} Rxg7 (50... Qxg7 51. Rxg7+) 51. Rxg7+ Qxg7 52. Qxg7+ Kxg7 53. d7 fxe3 54. Kg1 {Both players deserved the win here.  Weighted Error Value: White=0.24/Black=0.41} 1-0

[Event "FEDA International IM 2020"]
[Site "La Palma"]
[Date "2020.12.08"]
[Round "9.2"]
[White "Alonso Garcia, Aaron"]
[Black "Quispe Arteaga, Gabriel"]
[Result "0-1"]
[WhiteElo "2258"]
[BlackElo "2397"]
[Annotator "TA"]
[PlyCount "98"]
[EventDate "2020.11.29"]
[EventCountry "ESP"]
[SourceTitle "playchess.com"]
[Source "ChessBase"]
[SourceQuality "1"]

{[%evp 9,98,0,-3,-1,13,14,12,8,10,-8,-11,-3,-8,-17,0,-19,0,0,16,21,31,0,10,0,0,-11,0,0,0,-4,29,-96,-80,-80,-61,-74,-76,-76,-75,-86,-26,-31,-24,-29,-21,-12,-13,-62,-50,-52,-23,-53,0,-135,-128,-241,-254,-239,-247,-255,-243,-232,-254,-290,-279,-339,-341,-343,-342,-340,-329,-342,-338,-518,-501,-596,-593,-509,-443,-784,-844,-29973,-29979,-29980,-29980,-29980,-29981,-29981,-29982,-29982,-29982]} 1. e4 c5 2. Nc3 d6 3. f4 Nc6 4. Nf3 a6 5. a4 Bg4 6. Be2 {B23: Closed Sicilian: Lines without g3.} g6 7. O-O Bg7 8. d3 {The position is equal.} e6 9. Be3 Nge7 10. h3 Bxf3 11. Bxf3 {[#]} Bd4 $146 ({Predecessor:} 11... Nd4 12. Ne2 Nxf3+ 13. Rxf3 b6 14. c3 d5 15. a5 d4 16. cxd4 cxd4 17. Nxd4 O-O {1-0 (44) Ekpoikong Unwana,E-Fawole,J (2214) Lagos 2014}) 12. Qd2 Qb6 13. Nd1 {[%cal Bc3d1,Bd1e3,Be3c4,Bc4d6][%mdl 32]} Bxe3+ 14. Nxe3 Nd4 15. Nc4 Qc7 16. a5 Rd8 17. e5 d5 18. Nd6+ Kf8 19. Bd1 h5 20. g4 (20. b4 $11 {keeps the balance.}) 20... hxg4 $17 21. hxg4 Nb5 22. Nxb5 axb5 23. d4 cxd4 24. Qxd4 Qc4 (24... Kg7 $17) 25. Qxc4 $11 bxc4 26. b4 cxb3 27. cxb3 Nc6 28. Ra4 Kg7 29. Kg2 {[#]} g5 $1 {[%mdl 512] ...gxf4 is the strong threat.} 30. f5 $1 (30. fxg5 Ra8) 30... Nxe5 (30... Ra8 $15) 31. fxe6 (31. Rb4 $11) 31... fxe6 $17 {White is on the road to losing.} 32. Rb4 {[#]} (32. b4 $17) 32... Rd7 $1 $19 33. Rb6 Re7 34. Rh1 Rxh1 35. Kxh1 {[%mdl 4096] Endgame KRB-KRN} Kf6 36. Be2 Rc7 {aiming for ...Rc2.} 37. Kg1 Nd7 38. Rb4 Ke5 39. Kf2 Nc5 40. Kg2 Ne4 41. a6 (41. Bd3 $142 Nd6 42. Bg6) 41... bxa6 42. Bxa6 Rc2+ 43. Kf1 Rb2 44. Bc8 {[#]} (44. Rb6 $142) 44... Rxb3 $1 {[%mdl 576] Decoy} 45. Rxb3 Nd2+ {[%mdl 64] Double Attack. Black mates.} 46. Kf2 Nxb3 47. Ba6 Nc5 48. Be2 Kf4 49. Bd1 e5 {Weighted Error Value: White=0.43/Black=0.09} 0-1

[Event "FEDA International IM 2020"]
[Site "La Palma"]
[Date "2020.12.08"]
[Round "9.3"]
[White "Hernandez, Cristian Andres"]
[Black "Macias Pino, Diego"]
[Result "1-0"]
[WhiteElo "2322"]
[BlackElo "2153"]
[Annotator "ChessBase"]
[PlyCount "71"]
[EventDate "2020.11.29"]
[EventCountry "ESP"]
[SourceTitle "playchess.com"]
[Source "ChessBase"]
[SourceQuality "1"]

1. Nf3 d5 2. c4 d4 3. e3 c5 4. exd4 cxd4 5. d3 Nc6 6. g3 e5 7. Bg2 Be7 8. O-O Nf6 9. b4 Bxb4 10. Nxe5 Nxe5 11. Qa4+ Bd7 12. Qxb4 Nxd3 13. Qxb7 Rb8 14. Qxa7 Nxc1 15. Rxc1 Be6 16. Rd1 d3 17. Qa4+ Nd7 18. Rxd3 O-O 19. Nc3 Qf6 20. Qd1 Ne5 21. Nd5 Bxd5 22. Rxd5 Nxc4 23. Qd4 Qxd4 24. Rxd4 Na3 25. Ra4 Nb5 26. Rb4 Na3 27. Ra4 Nb5 28. a3 g6 29. Rb4 Nc3 30. Rxb8 Rxb8 31. a4 Rb1+ 32. Rxb1 Nxb1 33. a5 Nc3 34. Bc6 Ne2+ 35. Kf1 Nd4 36. Bd7 1-0

[Event "FEDA International IM 2020"]
[Site "La Palma"]
[Date "2020.12.08"]
[Round "9.4"]
[White "Abergel, Thal"]
[Black "Sosa, Tomas"]
[Result "0-1"]
[WhiteElo "2444"]
[BlackElo "2529"]
[Annotator "ChessBase"]
[PlyCount "60"]
[EventDate "2020.11.29"]
[EventCountry "ESP"]
[SourceTitle "playchess.com"]
[Source "ChessBase"]
[SourceQuality "1"]

1. e4 e5 2. Nf3 Nc6 3. Bb5 a6 4. Ba4 Nf6 5. d3 d6 6. a3 g6 7. Nc3 Bg7 8. h3 O-O 9. Bb3 h6 10. Be3 Nd7 11. Qd2 Kh7 12. h4 Nc5 13. h5 g5 14. Bd5 Ne6 15. O-O-O Ncd4 16. Kb1 c6 17. Ba2 b5 18. Ne2 d5 19. Bxd4 exd4 20. exd5 cxd5 21. Nh2 f5 22. Rde1 a5 23. Nc1 Qd6 24. g4 fxg4 25. Nxg4 b4 26. axb4 axb4 27. f3 Ra7 28. Qh2 Nf4 29. Qd2 Bf5 30. Nf2 Rfa8 0-1